Statistics for Frozen do you wanna build a snowman all lyrics

Click here to take the quiz!

General Stats

  • This quiz has been taken 110 times
  • The average score is 147 of 170

Answer Stats

Answer% Correct
Do
100%
A
98%
And
98%
Build
98%
Snowman?
98%
Snowman
98%
Wanna
98%
You
98%
I
97%
To
97%
Be
95%
Elsa?
95%
Go
95%
It
95%
The
95%
Anna
94%
Play
94%
Away
92%
Bye
92%
Halls
92%
Have
92%
In
92%
Me
92%
On
92%
Bike
91%
There
91%
We
91%
Where
91%
Come
89%
Let
89%
Out
89%
Around
88%
Doesn’t
88%
Okay
88%
Ride
88%
Just
86%
Or
86%
Why
86%
Best
84%
Buddies
84%
It’s
84%
Its
84%
Know
84%
Not
84%
We’re
84%
Would
84%
Hang
83%
Now
83%
Used
83%
Wish
83%
You’ve
83%
Are
81%
Lets
81%
Like
81%
Our
81%
Pictures
81%
Tell
81%
Tick
81%
Tock
81%
Walls
81%
What
81%
Anymore
80%
Door
80%
Gone
80%
See
80%
Talking
80%
Been
78%
Never
78%
You’re
78%
Asking
75%
Empty
75%
Started
75%
Watching
75%
All
73%
Gets
73%
Hours
73%
Little
73%
Lonely
73%
People
73%
Rooms
73%
These
72%
Going
69%
I’ve
69%
I’m
67%
Im
67%
Is
66%
Please
66%
For
64%
Overdue
64%
They
64%
Company
63%
Each
63%
Here
63%
Other
63%
Think
63%
Trying
63%
Only
61%
Say
61%
Courage
59%
Some
59%
Right
58%
Joan
55%

Score Distribution

Percentile by Number Answered

Percent of People with Each Score

Your Score History

You have not taken this quiz